000
00334 a2200145 4500
001
52318
020
_a
040
_c
Anchieta - Pituba
100
_a
Evert
240
1
0
_a
1ª Português / Literatura, I unidade
_l
por
245
1
0
_a
1ª Português / Literatura, I unidade
300
_a
7
650
4
_a
Língua Portuguesa
942
_c
BK
999
_c
52318
_d
52318